| 000 | 00367nam a2200157Ia 4500 | ||
|---|---|---|---|
| 008 | 221030s9999 xx 000 0 und d | ||
| 020 | _a8120322533 | ||
| 041 | _aEnglish | ||
| 082 |
_a105.23 _bKel |
||
| 100 | _aS. A. Kelkar | ||
| 245 | 0 | _aManagement Information Systems | |
| 260 |
_bPHI _aNew Delhi _c2003 |
||
| 300 | _a255 | ||
| 650 | _aMBA Computers | ||
| 942 | _cBK | ||
| 999 |
_c1636 _d1636 |
||